000
00314nam a2200121Ia 4500
005
20251222143213.0
008
251222s9999||||xx |||||||||||||| ||spa||
082
_a
371.208.5/Q37
100
_a
Quevedo, Juana
245
0
_a
Hacia una Educación de Calidad: Cada Escuela un Proyecto
264
_b
EDUCA
942
_c
LIB
999
_c
13532
_d
13532